Statistics for marketing and consumer research / (Record no. 11186)

MARC details
000 -LEADER
fixed length control field 01143cam a22002774a 4500
001 - CONTROL NUMBER
control field 14992149
005 - DATE AND TIME OF LATEST TRANSACTION
control field 20080820145303.0
008 - FIXED-LENGTH DATA ELEMENTS--GENERAL INFORMATION
fixed length control field 070904s2008 caua b 001 0 eng
010 ## - LIBRARY OF CONGRESS CONTROL NUMBER
LC control number 2007936615
020 ## - INTERNATIONAL STANDARD BOOK NUMBER
International Standard Book Number 9781412911214 (hbk)
020 ## - INTERNATIONAL STANDARD BOOK NUMBER
International Standard Book Number 9781412911221 (pbk)
040 ## - CATALOGING SOURCE
Original cataloging agency DLC
Transcribing agency DLC
Modifying agency DLC
050 00 - LIBRARY OF CONGRESS CALL NUMBER
Classification number HF5415.2
Item number .M3817 2008
082 ## - DEWEY DECIMAL CLASSIFICATION NUMBER
Edition number 22
Classification number 658.83028
Item number MAZ
100 1# - MAIN ENTRY--PERSONAL NAME
Personal name Mazzocchi, Mario.
9 (RLIN) 3151
245 10 - TITLE STATEMENT
Title Statistics for marketing and consumer research /
Statement of responsibility, etc Mario Mazzocchi.
260 ## - PUBLICATION, DISTRIBUTION, ETC. (IMPRINT)
Place of publication, distribution, etc Los Angeles :
Name of publisher, distributor, etc Sage,
Date of publication, distribution, etc 2008.
300 ## - PHYSICAL DESCRIPTION
Extent xviii, 412 p. :
Other physical details ill. ;
Dimensions 25 cm.
504 ## - BIBLIOGRAPHY, ETC. NOTE
Bibliography, etc Includes bibliographical references (p. [387]-398) and index.
650 #0 - SUBJECT ADDED ENTRY--TOPICAL TERM
Topical term or geographic name as entry element Marketing research
General subdivision Statistical methods.
9 (RLIN) 3152
650 #0 - SUBJECT ADDED ENTRY--TOPICAL TERM
Topical term or geographic name as entry element Consumers
General subdivision Research
-- Statistical methods.
9 (RLIN) 3153
856 41 - ELECTRONIC LOCATION AND ACCESS
Materials specified Table of contents only
Uniform Resource Identifier <a href="http://www.loc.gov/catdir/toc/fy0805/2007936615.html">http://www.loc.gov/catdir/toc/fy0805/2007936615.html</a>
942 ## - ADDED ENTRY ELEMENTS (KOHA)
Source of classification or shelving scheme Dewey Decimal Classification
Item type Book - Borrowing
Holdings
Withdrawn status Item status Source of classification or shelving scheme Damaged status Not for loan Vendor Home library Current library Shelving location Date acquired Source of acquisition Cost, normal purchase price Serial Enumeration / chronology Total Checkouts Total Renewals Full call number Barcode Date last seen Date last borrowed Koha item type
    Dewey Decimal Classification     Alahram Central Library Central Library First floor 05/04/2009   294.50 364 3 100 658.83028 MAZ 000015844 15/07/2025 24/07/2014 Book - Borrowing